<?xml version="1.0" encoding="UTF-8"?>
<collection xmlns="http://www.loc.gov/MARC21/slim">
 <record>
  <leader>00480pamaa2200157   4500</leader>
  <controlfield tag="001">0000021058</controlfield>
  <controlfield tag="005">20070322090000.0</controlfield>
  <datafield tag="020" ind1="0" ind2="0">
   <subfield code="a">0575060840 (hard) </subfield>
  </datafield>
  <datafield tag="090" ind1="0" ind2="0">
   <subfield code="a">GV1282.3 </subfield>
   <subfield code="b">DOR 1996</subfield>
  </datafield>
  <datafield tag="100" ind1="1" ind2="0">
   <subfield code="a">DORMER </subfield>
  </datafield>
  <datafield tag="245" ind1="1" ind2="4">
   <subfield code="a">The new complete book of bridge  </subfield>
   <subfield code="c">Albert Dormer ; in consultation with Ron Klinger.</subfield>
  </datafield>
  <datafield tag="260" ind1="0" ind2="0">
   <subfield code="a">London: </subfield>
   <subfield code="b">Victor Gollancz/Peter Crawley, </subfield>
   <subfield code="c">1996.</subfield>
  </datafield>
  <datafield tag="300" ind1=" " ind2=" ">
   <subfield code="a">448p.: </subfield>
   <subfield code="b">ill.; </subfield>
   <subfield code="c">23cm.</subfield>
  </datafield>
  <datafield tag="440" ind1="0" ind2="0">
   <subfield code="a">Master bridge series</subfield>
  </datafield>
  <datafield tag="650" ind1="0" ind2="0">
   <subfield code="a">Contract bridge </subfield>
  </datafield>
  <datafield tag="700" ind1="1" ind2="1">
   <subfield code="a">Klinger, </subfield>
   <subfield code="h">Ron </subfield>
  </datafield>
 </record>
</collection>
